| 000 | 00699nam a2200229Ia 4500 | ||
|---|---|---|---|
| 005 | 20241129110243.0 | ||
| 008 | 241129s9999||||xx |||||||||||||| ||und|| | ||
| 020 | _a978-1-78330-505-6 | ||
| 037 | _aTB | ||
| 040 |
_aARTS _beng _cARTS |
||
| 041 |
_aeng _2eng |
||
| 084 |
_aD65,8(B) R3(2D) _qARTS |
||
| 100 |
_aGoddard Rhiannon Au. _9727582 |
||
| 245 | 0 |
_aDisplaying organisation: how to successfully manage a museum ezhibition _cGoddard Rhiannon Au. |
|
| 260 |
_aUK _bFacet Publishing _c2020 |
||
| 300 | _axxiv,171p. | ||
| 365 |
_aUKP _b34.99 |
||
| 490 | _aMuseum and gallery essentials | ||
| 650 | _aComputer Science | ||
| 942 |
_cTB _hD65,8(B) R3(2D) |
||
| 999 |
_c1227905 _d1227905 |
||